000 00230nam a2200097Ia 4500
008 240331s9999 xx 000 0 und d
082 _bNEW
100 _aMcHenry,R. Ed
245 4 _aThe encyclopaedia Britannica :
_bvol.11
942 _cL
999 _c3281
_d3281